000 00277nam a22001217a 4500
020 _a 981-3005-48-3
082 _a006.6 JON'H
100 _a JONES, G.E
_962517
245 _aHARVARD GRAPHICS INSTANT REFERENCE
260 _aSINGAPORE
_bTP
_c1991
300 _a4V
942 _cBK
999 _c571606
_d571606